<?xml version="1.0" encoding="UTF-8"?>
<collection xmlns="http://www.loc.gov/MARC21/slim">
 <record>
  <leader>01935nam a22002657a 4500</leader>
  <controlfield tag="001">NCT_35757</controlfield>
  <controlfield tag="008">180522b        xxu||||| |||| 00| 0 vie d</controlfield>
  <datafield tag="999" ind1=" " ind2=" ">
   <subfield code="c">1724</subfield>
   <subfield code="d">1724</subfield>
  </datafield>
  <datafield tag="020" ind1=" " ind2=" ">
   <subfield code="c">47000</subfield>
  </datafield>
  <datafield tag="082" ind1="0" ind2="4">
   <subfield code="2">23rd ed.</subfield>
   <subfield code="a">620.112</subfield>
   <subfield code="b">M312/T.1</subfield>
  </datafield>
  <datafield tag="100" ind1="1" ind2=" ">
   <subfield code="a">Lê Quang Minh</subfield>
  </datafield>
  <datafield tag="245" ind1="1" ind2="0">
   <subfield code="a">Sức bền vật liệu</subfield>
   <subfield code="n">Tập 1</subfield>
   <subfield code="c">Lê Quang Minh, Nguyễn Văn Vượng</subfield>
  </datafield>
  <datafield tag="250" ind1=" " ind2=" ">
   <subfield code="a">Tái bản lần thứ tư</subfield>
  </datafield>
  <datafield tag="260" ind1=" " ind2=" ">
   <subfield code="a">H.</subfield>
   <subfield code="b">Giáo dục Việt Nam</subfield>
   <subfield code="c">2011</subfield>
  </datafield>
  <datafield tag="300" ind1=" " ind2=" ">
   <subfield code="a">243 tr.</subfield>
   <subfield code="b">Minh họa</subfield>
   <subfield code="c">27cm</subfield>
  </datafield>
  <datafield tag="520" ind1="3" ind2=" ">
   <subfield code="a">Sức bền vật liệu (SBVL) là môn học kĩ thuật cơ sở của các ngành kĩ thuật (Xây dựng, Cơ khí, Cầu đường, Kiến trúc, ...). Mục đích của SBVL là nghiên cứu các quy luật ứng xử ứng suất và biến dạng của vật liệu dưới tác dụng của các nhân tố bên ngoài.</subfield>
  </datafield>
  <datafield tag="653" ind1=" " ind2=" ">
   <subfield code="a">Công nghệ kĩ thuật ô tô</subfield>
  </datafield>
  <datafield tag="700" ind1="1" ind2=" ">
   <subfield code="a">Nguyễn Văn Vượng</subfield>
  </datafield>
  <datafield tag="942" ind1=" " ind2=" ">
   <subfield code="2">ddc</subfield>
   <subfield code="c">BK</subfield>
  </datafield>
  <datafield tag="952" ind1=" " ind2=" ">
   <subfield code="0">0</subfield>
   <subfield code="1">0</subfield>
   <subfield code="2">ddc</subfield>
   <subfield code="4">0</subfield>
   <subfield code="6">620_112000000000000_M312_T_1</subfield>
   <subfield code="7">0</subfield>
   <subfield code="9">8256</subfield>
   <subfield code="a">000001</subfield>
   <subfield code="b">000001</subfield>
   <subfield code="d">2018-05-22</subfield>
   <subfield code="l">1</subfield>
   <subfield code="o">620.112 M312/T.1</subfield>
   <subfield code="p">MD.09854</subfield>
   <subfield code="r">2019-12-23</subfield>
   <subfield code="s">2019-12-16</subfield>
   <subfield code="v">47.00</subfield>
   <subfield code="w">2018-05-22</subfield>
   <subfield code="y">BK</subfield>
  </datafield>
  <datafield tag="952" ind1=" " ind2=" ">
   <subfield code="0">0</subfield>
   <subfield code="1">0</subfield>
   <subfield code="2">ddc</subfield>
   <subfield code="4">0</subfield>
   <subfield code="6">620_112000000000000_M312_T_1</subfield>
   <subfield code="7">0</subfield>
   <subfield code="9">8257</subfield>
   <subfield code="a">000001</subfield>
   <subfield code="b">000001</subfield>
   <subfield code="d">2018-05-22</subfield>
   <subfield code="l">2</subfield>
   <subfield code="o">620.112 M312/T.1</subfield>
   <subfield code="p">MD.09855</subfield>
   <subfield code="r">2020-09-01</subfield>
   <subfield code="s">2020-08-20</subfield>
   <subfield code="v">47.00</subfield>
   <subfield code="w">2018-05-22</subfield>
   <subfield code="y">BK</subfield>
  </datafield>
  <datafield tag="952" ind1=" " ind2=" ">
   <subfield code="0">0</subfield>
   <subfield code="1">0</subfield>
   <subfield code="2">ddc</subfield>
   <subfield code="4">0</subfield>
   <subfield code="6">620_112000000000000_M312_T_1</subfield>
   <subfield code="7">0</subfield>
   <subfield code="9">8258</subfield>
   <subfield code="a">000001</subfield>
   <subfield code="b">000001</subfield>
   <subfield code="d">2018-05-22</subfield>
   <subfield code="o">620.112 M312/T.1</subfield>
   <subfield code="p">MD.09856</subfield>
   <subfield code="r">2018-05-22</subfield>
   <subfield code="v">47.00</subfield>
   <subfield code="w">2018-05-22</subfield>
   <subfield code="y">BK</subfield>
  </datafield>
  <datafield tag="952" ind1=" " ind2=" ">
   <subfield code="0">0</subfield>
   <subfield code="1">0</subfield>
   <subfield code="2">ddc</subfield>
   <subfield code="4">0</subfield>
   <subfield code="6">620_112000000000000_M312_T_1</subfield>
   <subfield code="7">0</subfield>
   <subfield code="9">8259</subfield>
   <subfield code="a">000001</subfield>
   <subfield code="b">000001</subfield>
   <subfield code="d">2018-05-22</subfield>
   <subfield code="l">4</subfield>
   <subfield code="o">620.112 M312/T.1</subfield>
   <subfield code="p">MD.09857</subfield>
   <subfield code="r">2020-01-10</subfield>
   <subfield code="s">2020-01-07</subfield>
   <subfield code="v">47.00</subfield>
   <subfield code="w">2018-05-22</subfield>
   <subfield code="y">BK</subfield>
  </datafield>
  <datafield tag="952" ind1=" " ind2=" ">
   <subfield code="0">0</subfield>
   <subfield code="1">0</subfield>
   <subfield code="2">ddc</subfield>
   <subfield code="4">0</subfield>
   <subfield code="6">620_112000000000000_M312_T_1</subfield>
   <subfield code="7">0</subfield>
   <subfield code="9">8264</subfield>
   <subfield code="a">000001</subfield>
   <subfield code="b">000001</subfield>
   <subfield code="d">2018-05-22</subfield>
   <subfield code="o">620.112 M312/T.1</subfield>
   <subfield code="p">MD.09858</subfield>
   <subfield code="r">2018-05-22</subfield>
   <subfield code="v">47000.00</subfield>
   <subfield code="w">2018-05-22</subfield>
   <subfield code="y">BK</subfield>
  </datafield>
  <datafield tag="980" ind1=" " ind2=" ">
   <subfield code="a">Thư viện Trường Đại học Nam Cần Thơ</subfield>
  </datafield>
 </record>
</collection>
